000 00410nam a2200157Ia 4500
008 240729s9999 xx 000 0 und d
022 _a2564-8896
245 0 _aRevista de Investigación Clínica
260 _aSpain
260 _bPermanyer
650 _a Internal medicine
650 _aMedicine
856 _uhttps://doaj.org/toc/e13dac50a0a1490e8c2d42df4d812d98
942 _2ddc
942 _cDOAJEJ
999 _c70663
_d70663
945 _a1
_bMadushi Gamage
_c1
_dMadushi Gamage